000 01020nam0a22002291 4500
001 rc\4147039
005 20260406151017.0
035 _a(NLR Aleph) 007990857
090 _a8578625
_c8578625
100 _a20130415a19479999|||y0rusy50 ca
101 0 _arus
102 _aRU
105 _ay z |||||
200 1 _aНаучные труды
_eТ. 7-
_fМ-во здрав. Узбекской ССР. Самаркандский гос. мед. ин-т им. акад. И.П. Павлова
210 _aСамарканд
_cБ. и.
_d1947-
710 0 2 _aСамаркандский медицинский институт им. И. П. Павлова
_3RU\NLR\AUTH\889926499
_9348731
801 0 _aRU
_bNLR
_gpsbo
801 1 _aRU
_bELAR
_2rusmarc
830 _aПеречень имеющихся в библиотеке томов, номеров, годов этого издания смотри в каталоге периодических изданий
852 _aNLR
_jШифры разные
942 _cBOOK
980 _aNB